Szczegóły MARC21

Tendencje w polskiej gospodarce morskiej w latach 90-tych /

005 -DATA I CZAS OSTATNIEJ MODYFIKACJI [,]
    • @
    • pole kontrolne
    • 20070315155141.9
020 -Międzynarod. znormalizowany nr książki - ISBN [ , ]
    • a
    • Numer ISBN
    • 8388718088 Find
040 -Instytucja sporządzająca opis [ , ]
    • a
    • Instytucja, która sporządziła opis (NP)
    • SZCZ U
    • c
    • Instytucja, która sporządziła rekord (NP)
    • SZCZ U
942 -Rodzaj dokumentu [ , ]
    • c
    • Rodzaj dokumentu
    • Książka
245 -Strefa tytułu i oznaczenia odpowiedzialności [0, ]
    • a
    • Tytuł
    • Tendencje w polskiej gospodarce morskiej w latach 90-tych / Find
    • c
    • Pozostałe elementy strefy tytułu i oznaczenia odpowiedzialności (NP)
    • [red. główny Halina Dmochowska] ; Główny Urząd Statystyczny. Urząd Statystyczny w Szczecinie.
260 -Strefa adresu wydawniczego [ , ]
    • a
    • Miejsce wydania (P)
    • Warszawa ; Szczecin :
    • b
    • Nazwa wydawcy (P)
    • GUS,
    • c
    • Data wydania (P)
    • 2001.
300 -Strefa opisu fizycznego [ , ]
    • a
    • Określenie formy książki i/lub objętość (NP)
    • 146 s. :
    • b
    • Oznaczenie ilustracji (NP)
    • [4] k. tabl. :
    • c
    • Format (NP)
    • 24 cm.
500 -Uwaga ogólna [ , ]
    • a
    • Uwaga ogólna (NP)
    • Tekst w jęz. pol i ang
080 -Uniwersalna Klasyfikacja Dziesiętna [ , ]
    • a
    • Symbol klasyfikacji
    • 338.4(26)(438)"1989/..."(083.41)
980 -Symbol UKD [ , ]
    • a
    • UKD
    • 338.4(26)(438)"1989/..."(083.41)
700 -Hasło dodatkowe - nazwa osobowa [ , ]
    • a
    • Nazwa osobowa (NP)
    • Dmochowska Halina Find
920 -ISBN [ , ]
    • a
    • ISBN
    • 83-88718-08-8 Find
Numer inwentarzowy Status udost. Data inwentaryzacji Lokalizacja
T.6724-22002-03-14T